00387 2200145 4500001002100000008004100021035002000062245005300082260004200135300001500177084001700192082001100209650000900220990001200229INLIS000000000001312 ind  a0010-0722000861 aKomik 25 Nabi & Rasul Buku KeempatcEma Wardhana aSurabaya:bKarya Gemilang Utamac2005 a160c21 cm a297.34 EMA k a297.34 aNabi aDI.1952